00351nam a2200097Ia 4500008004100000245012500041245002200166260000900188650000800197856004800205171211s9999 xx 000 0 und d aClassical Sculpture: Catalogue of the Cypriot, Greek, and Roman Stone Sculpture in the University of Pennsylvania Museum cIrene Bald Romano c2006 xART uhttp://down.ebook777.com/064/1931707847.pdf